000 00971cam a22003137a 4500
003 CHAP
005 20220329135425.0
008 971013s1974 r 00010 d
010 _a36240
011 _a37212
035 _a41331
040 _cCHAP
082 _a580
_bO7
100 0 0 _aOrnduff, Robert.
_983605
245 1 3 _aAn introduction to California plant life
260 _aBerkeley :
_bUniversity of California,
_c1974
300 _a152 p.
_b; láms.
490 0 _aCalifornia natural history guide
590 _aBATCH-UPD
_b10
_c20130110
_lUCH01
_h1040
590 _aBATCH-UPD
_b10
_c20130410
_lUCH01
_h0640
590 _aBATCH-UPD
_b10
_c20130914
_lUCH01
_h0731
590 _aCONVERSION
_b10
_c20130109
_lUCH01
_h1320
650 1 4 _aBotánica
_xE.U.A.
_914533
650 1 4 _aEcología vegetal.
_935188
830 0 _aCalifornia natural history guide
_917501
901 _aBK
942 _cLIBRO
949 _a580 O7
_bBC
_cLIBRO
_d33724000501896
_eLIBRO
_h41033
_i41331
_si
999 _c36240
_d36240